00919nam a22002537a 450000500170000001000130001702000100003003500130004003700160005304000120006908200110008124501490009226000490024127000610029030000200035165000290037165000220040070000260042270000330044870000270048194200200050899900190052895201180054720170124110111.0 aB-115296 c00.00 aB-115296 bCen Lib/Ret aDPLbEN aSbANT aAnts, ghosts and whispering trees :cedited by Paul St-Piere, Leelawati Mohapatra [and] K.K. Mohapatra ban anthropolgy of oriya short stories / bHarper Collins Publishers c2003aNew Delhi  bNew Delhi a1A, hamilton house, connaught place e110001 a304p.c19cm(Hb) aOriya literature 923291 aShort stories944 aSt-Piere, Paul929174 aMohapatra, Leelawati 929175 aMohapatra, K.K.929185 2ddccENhSmANT c130427d130427 00104070aLbLd2015-07-09eCen Lib/Retg0.00l0oS ANTpB-115296r2015-07-09 00:00:00t1v0.00w2015-07-09yEN